| 000 | 00535nam a2200181 i 4500 | ||
|---|---|---|---|
| 001 | 75412 | ||
| 003 | ES-MaACL | ||
| 005 | 20230906172437.0 | ||
| 007 | t| | ||
| 008 | 040924s1921 sp ||||1| spa d | ||
| 100 | 1 |
_aGraetz, Leo. _959503 |
|
| 245 | 1 | 3 |
_aLa electricidad y sus aplicaciones / _cpor L. Garetz ; versión de Esteban Terradas. |
| 250 | _a2ª ed. corr. y amp. | ||
| 260 |
_aBarcelona : _bGustavo Gili, _c1921. |
||
| 300 |
_a646 p. : _bil. ; _c25 cm. |
||
| 700 | 1 |
_aTerradas, Esteban. _9109767 |
|
| 852 |
_aES-MaACL _jF-3255 |
||
| 999 |
_c75412 _d75412 |
||